000
00230nam a22000977a 4500
999
_c
261936
_d
261935
020
_a
0688803075
100
_a
Vera B. Williams
245
_a
Three Days In a River Canoe
260
_a
New York
_b
Greenwillow Books
_c
1981
942
_c
BK